000 00359nab a2200133Ia 4500
003 ES-SlBCS
005 20210601131744.0
008 140529s1929 xxu||||| |||| 00| 0 fre d
041 _afre
100 1 _aMathé, M.
_9188623
245 0 0 _aLes disques
_c M. Mathé
773 0 _tVie Intelectuelle (La)
_gvol. 2, nº. 8, 1929, págs. 954-957
_wRev907
942 _cAR
999 _c568252
_d568252